Kvantifikácia vplyvu vybraných faktorov na spotrebné výdavky domácností SR

Kvantifikácia vplyvu vybraných faktorov na spotrebné výdavky domácností SR na základe údajov z výberového zisťovania rodinných účtov (RÚ), pričom jedným z faktorov, na ktorý sa v príspevku poukazuje, je zaradenie domácnosti do skupiny na základe hranice príjmovej chudoby.

Guardado en:
Detalles Bibliográficos
Autor principal: Vojtková, Mária, 1966-
Formato: Capítulo de libro
Lenguaje:eslovaco
Materias:
Etiquetas: Agregar Etiqueta
Sin Etiquetas, Sea el primero en etiquetar este registro!

MARC

LEADER 00000naa$a2200000$$$4500
001 0305952
005 20250109091946.8
041 0 |a slo 
044 |a SK 
245 1 0 |a Kvantifikácia vplyvu vybraných faktorov na spotrebné výdavky domácností SR  |c Mária Vojtková 
520 |a Kvantifikácia vplyvu vybraných faktorov na spotrebné výdavky domácností SR na základe údajov z výberového zisťovania rodinných účtov (RÚ), pričom jedným z faktorov, na ktorý sa v príspevku poukazuje, je zaradenie domácnosti do skupiny na základe hranice príjmovej chudoby. 
610 2 0 |a domácnosti 
610 2 0 |a výdavky domácností 
610 2 0 |a spotreba domácností 
610 2 0 |a chudoba 
610 2 0 |a príjmy 
610 2 0 |a modely 
610 2 0 |a ukazovatele 
610 2 0 |a Slovensko 
100 1 |a Vojtková, Mária, 1966-